[Event "Challenge"]
[Site "http://www.queenalice.com/game.php?id=1768075"]
[Date "2021.8.27"]
[Round "-"]
[White "cdare"]
[Black "PatricioKM"]
[Result "1-0"]
[WhiteElo "1800"]
[BlackElo "1814"]

1. e4 e5 2. Nf3 Nc6 3. Nc3 Nf6 4. Bc4 Bc5 5. d3 Ng4 6. O-O O-O 7. Qe1 d6 8. h3
Nf6 9. Bg5 h6 10. Bxf6 Qxf6 11. a3 a6 12. b4 Bb6 13. Nd5 Qg6 14. Kh2 Be6 15.
Nxb6 cxb6 16. Bxe6 Qxe6 17. Qe3 a5 18. b5 Na7 19. a4 Nc8 20. c4 Ne7 21. Qxb6 Qd7
22. Qe3 f6 23. Nh4 g5 24. Nf5 Nxf5 25. exf5 Qxf5 26. Rad1 Rfe8 27. Qb6 Reb8 28.
Qxd6 Rd8 29. Qb6 Rd7 30. Qe3 Rad8 31. Qb6 Rxd3 32. Rxd3 Qxd3 33. Rg1 Rd7 34. c5
Qf5 35. Rf1 Qf4+ 36. Kg1 Qxa4 37. Qe6+ Rf7 38. c6 bxc6 39. Qxc6 Qb3 40. Qa8+ Rf8
41. Qxa5 Rb8 42. Qa6 Qxb5 43. Qxf6 Kh7 44. Rd1 Rb7 45. Kh2 Qb6 46. Rd6 Qa7 47.
Qxh6+ Kg8 48. Qxg5+ Rg7 49. Rd8+ Kf7 50. Qxe5 Qxf2 51. Qd5+ Kg6 52. Qe4+ 1-0

[Event "Challenge"]
[Site "http://www.queenalice.com/game.php?id=1772639"]
[Date "2021.10.19"]
[Round "-"]
[White "PatricioKM"]
[Black "cdare"]
[Result "0-1"]
[WhiteElo "1832"]
[BlackElo "1782"]

1. e4 e5 2. Nf3 Nc6 3. d4 exd4 4. Nxd4 Nxd4 5. Qxd4 b6 6. Qd5 Rb8 7. Bc4 Qe7 8.
Nc3 Nf6 9. Qd1 d6 10. Bb5+ Bd7 11. O-O g6 12. Bg5 Bg7 13. Re1 O-O 14. a3 Bxb5
15. Bxf6 Qxf6 16. Nxb5 Qxb2 17. Nxc7 Be5 18. Rb1 Qxa3 19. Nd5 Kg7 20. Rb3 Qc5
21. Re2 Rbc8 22. h3 Qc6 23. Ne7 Qd7 24. Nxc8 Rxc8 25. Ra3 Rc7 26. g3 Qxh3 27.
Qf1 Qxf1+ 28. Kxf1 Kf6 29. f4 Bb2 30. Rf3 Kg7 31. c3 Ba3 32. c4 Bc5 33. Ra2 a5
34. f5 Bd4 0-1